[Event "Luzern"]
[Site "?"]
[Date "1977.??.??"]
[Round "3"]
[White "Polugaevsky, Lev A"]
[Black "Mecking, Henrique"]
[Result "1/2-1/2"]
[WhiteElo "2620"]
[BlackElo "2635"]
[PlyCount "89"]
[EventDate "1977.??.??"]
[Source "www.chesslib.no"]
[SourceDate "2004.05.04"]

1. d4 Nf6 2. c4 e6 3. Nf3 c5 4. d5 exd5 5. cxd5 d6 6. Nc3 g6 7. e4 Bg7 8. Be2 O-O 9. O-O Re8 10. Nd2 Nbd7 11. Qc2 Nb6 12. Bb5 Bd7 13. a4 Bxb5 14. Nxb5 a6 15. Nc3 Nfd7 16. a5 Nc8 17. b3 Na7 18. Bb2 Nb5 19. Nxb5 Bxb2 20. Qxb2 axb5 21. Qc3 b4 22. Qg3 Nf6 23. Rfe1 Nh5 24. Qf3 Rxa5 25. Rxa5 Qxa5 26. g4 Qd8 27. Re3 Nf6 28. Qf4 Qe7 29. Nc4 Rd8 30. Qg5 Kg7 31. e5 dxe5 32. Rxe5 Rxd5 33. Rxe7 Rxg5 34. h3 h5 35. Nd6 Kg8 36. Nxf7 Rd5 37. Nh6+ Kh8 38. Nf7+ Kg7 39. Ne5+ Kg8 40. g5 Nh7 41. f4 b5 42. Re8+ Kg7 43. Re7+ Kg8 44. Re8+ Kg7 45. Re7+ 1/2-1/2

[Event "Ch Spain (team) (Honor Gr.2)"]
[Site "Lugo (Spain)"]
[Date "2007.06.29"]
[Round "3"]
[White "Malakhatko Vadim (UKR)"]
[Black "Pantsulaia Levan (GEO)"]
[Result "1/2-1/2"]
[WhiteElo "2598"]
[BlackElo "2616"]
[PlyCount "56"]
[EventDate "2007.??.??"]
[Source "www.chesslib.no"]
[SourceDate "2004.05.04"]

1. d4 Nf6 2. c4 e6 3. Nf3 c5 4. d5 exd5 5. cxd5 d6 6. Nc3 g6 7. Nd2 a6 8. a4 Nbd7 9. e4 Bg7 10. Be2 O-O 11. O-O Re8 12. Re1 Rb8 13. Qc2 Ne5 14. Ra3 Nfg4 15. Nf1 c4 16. a5 b5 17. axb6 Qxb6 18. Nd1 Bd7 19. Nfe3 Nxe3 20. Bxe3 Qb7 21. Bd4 f5 22. Bxe5 Bxe5 23. Qxc4 Bb5 24. Qc2 fxe4 25. Bxb5 Qxb5 26. g3 Rbc8 27. Nc3 Bxc3 28. bxc3 Qxd5 1/2-1/2

[Event "Corr"]
[Site "?"]
[Date "1995.??.??"]
[Round "?"]
[White "Baumbach Friedrich"]
[Black "Anton Volker-Michael"]
[Result "1/2-1/2"]
[WhiteElo "2539"]
[BlackElo "2616"]
[PlyCount "67"]
[EventDate "1995.??.??"]
[Source "www.chesslib.no"]
[SourceDate "2004.05.04"]

1. d4 Nf6 2. c4 c5 3. d5 d6 4. Nc3 g6 5. e4 Bg7 6. Be2 O-O 7. Nf3 e6 8. O-O exd5 9. cxd5 Re8 10. Nd2 Nbd7 11. a4 Ne5 12. Qc2 g5 13. Ra3 g4 14. Nd1 Ng6 15. Bb5 Rf8 16. f4 gxf3 17. Nxf3 a6 18. Bd3 b6 19. Bg5 h6 20. Bd2 Re8 21. Ne3 Ng4 22. Nxg4 Bxg4 23. e5 Nxe5 24. Nxe5 Bxe5 25. Bxh6 Qh4 26. Bf4 Bd4+ 27. Kh1 Re1 28. Qd2 Rae8 29. Ra1 Rxa1 30. Rxa1 Be5 31. Re1 Bd7 32. Bxe5 Rxe5 33. Rxe5 dxe5 34. b3 1/2-1/2

[Event "Graz op-A"]
[Site "Graz"]
[Date "1999.??.??"]
[Round "5"]
[White "Burmakin, Vladimir"]
[Black "Bagaturov, Giorgi"]
[Result "1-0"]
[WhiteElo "2575"]
[BlackElo "2530"]
[PlyCount "79"]
[EventDate "1999.09.17"]
[Source "www.chesslib.no"]
[SourceDate "2004.05.04"]

1. d4 Nf6 2. Nf3 e6 3. c4 c5 4. d5 exd5 5. cxd5 d6 6. Nc3 g6 7. Nd2 a6 8. a4 Nbd7 9. e4 Bg7 10. Be2 O-O 11. O-O Re8 12. h3 g5 13. Nc4 Nxe4 14. Nxe4 Rxe4 15. Nxd6 Rd4 16. Qc2 Nb6 17. Nxc8 Rxc8 18. Be3 Rb4 19. Bg4 Rc7 20. Rad1 Bd4 21. d6 Qxd6 22. Bxg5 Qg6 23. Qc1 Rc4 24. Qd2 Rc2 25. Qa5 Qxg5 26. Rxd4 Qe7 27. Re1 Qf6 28. Rd2 Rxb2 29. Rxb2 Qxb2 30. Re8+ Kg7 31. Qe1 Qf6 32. Qe4 Nd7 33. Bxd7 c4 34. Bf5 h5 35. Qf4 Rc6 36. Qg3+ Kh6 37. Bc2 Rc5 38. h4 Qd4 39. Re4 Qd2 40. Re3 1-0

[Event "Kecskemet"]
[Site "Kecskemet"]
[Date "1979.??.??"]
[Round "?"]
[White "Farago, Ivan"]
[Black "Vaganian, Rafael A"]
[Result "1/2-1/2"]
[WhiteElo "2510"]
[BlackElo "2570"]
[PlyCount "117"]
[EventDate "1979.??.??"]
[Source "www.chesslib.no"]
[SourceDate "2004.05.04"]

1. d4 Nf6 2. c4 c5 3. d5 e6 4. Nc3 exd5 5. cxd5 d6 6. Nf3 g6 7. e4 Bg7 8. Be2 O-O 9. O-O Re8 10. Nd2 Nbd7 11. a4 a6 12. Ra3 Rb8 13. Kh1 Qc7 14. f4 c4 15. e5 dxe5 16. Nxc4 e4 17. f5 Qd8 18. Bf4 Ra8 19. Nd6 Re7 20. fxg6 hxg6 21. Bg5 Qf8 22. Qc2 Re5 23. Ndxe4 Nxe4 24. Nxe4 Rxd5 25. Bc4 Nb6 26. Bxd5 Nxd5 27. Qd2 Be6 28. Rd3 Qb4 29. Qxb4 Nxb4 30. Rd2 f5 31. Nc5 Bd5 32. Rf4 Rc8 33. Rxb4 Rxc5 34. Kg1 Bc6 35. Be3 Re5 36. Kf2 Kf7 37. Bg5 Ra5 38. b3 Bc3 39. Rxb7+ Bxb7 40. Rd7+ Ke6 41. Rxb7 Bd4+ 42. Be3 Bxe3+ 43. Kxe3 Re5+ 44. Kd3 f4 45. Rb6+ Kf5 46. Rxa6 Re3+ 47. Kc4 Re4+ 48. Kc5 Re5+ 49. Kb4 Re2 50. g4+ Kg5 51. h4+ Kxh4 52. Rxg6 f3 53. Rf6 Kxg4 54. a5 f2 55. a6 Kg3 56. Kb5 Re5+ 57. Ka4 Re4+ 58. b4 Rf4 59. Rg6+ 1/2-1/2

[Event "HUN-chT 0203"]
[Site "?"]
[Date "2002.12.08"]
[Round "4"]
[White "Gyimesi Zoltan"]
[Black "Tolnai Tibor"]
[Result "1-0"]
[WhiteElo "2580"]
[BlackElo "2495"]
[PlyCount "70"]
[EventDate "2002.??.??"]
[Source "www.chesslib.no"]
[SourceDate "2004.05.04"]

1. d4 e6 2. c4 c5 3. d5 exd5 4. cxd5 d6 5. Nc3 a6 6. a4 g6 7. Nf3 Bg7 8. Nd2 Nd7 9. e4 Ngf6 10. Be2 O-O 11. O-O Re8 12. a5 b5 13. axb6 Nxb6 14. Re1 h5 15. h3 Qc7 16. Qc2 Bd7 17. Nf3 Bb5 18. Bxb5 axb5 19. Nxb5 Qd7 20. Rxa8 Rxa8 21. Nc3 Qb7 22. Bf4 Nc4 23. Qe2 Qb4 24. Nd1 Nd7 25. g3 Ra2 26. Kg2 Qb3 27. Nd2 Nxd2 28. Qxd2 c4 29. Re3 c3 30. Nxc3 Rxb2 31. Qc1 Bd4 32. Nd1 Bxe3 33. Qxb2 Qxd1 34. Bxe3 Ne5 35. Qd4 Qf3+ 1-0

[Event "Memorial P.Keres"]
[Site "Tallinn EST"]
[Date "1983.??.??"]
[Round "?"]
[White "Petrosian, Tigran V"]
[Black "Boensch, Uwe"]
[Result "1/2-1/2"]
[WhiteElo "2605"]
[BlackElo "2450"]
[PlyCount "82"]
[EventDate "1983.??.??"]
[Source "www.chesslib.no"]
[SourceDate "2004.05.04"]

1. d4 Nf6 2. c4 e6 3. Nc3 c5 4. d5 exd5 5. cxd5 g6 6. Nf3 d6 7. Nd2 Nbd7 8. e4 Bg7 9. Be2 O-O 10. O-O Re8 11. a4 a6 12. Qc2 Qc7 13. a5 b6 14. axb6 Nxb6 15. Ra3 c4 16. Ndb1 Nfd7 17. Be3 Nc5 18. Nd2 f5 19. f3 fxe4 20. fxe4 Bd7 21. Bxc4 Nxc4 22. Nxc4 Rac8 23. Nd2 Qb8 24. Bxc5 Rxc5 25. Nf3 Qb4 26. Rxa6 Bb5 27. Rb6 Bd4+ 28. Kh1 Bxc3 29. bxc3 Qa5 30. Rxb5 Qxb5 31. Rg1 Qb4 32. Ng5 Qxc3 33. Qa4 Rcc8 34. Ne6 Qf6 35. h3 Qe7 36. Rf1 Ra8 37. Qd4 Qd7 38. Qf6 Qe7 39. Qd4 Qd7 40. Qf6 Qe7 41. Qd4 Qd7 1/2-1/2

[Event "Dubai op"]
[Site "Dubai"]
[Date "1999.05.05"]
[Round "5"]
[White "Gyimesi, Zoltan"]
[Black "Guseinov, Aidyn"]
[Result "1-0"]
[WhiteElo "2529"]
[BlackElo "2513"]
[PlyCount "135"]
[EventDate "1999.05.??"]
[Source "ChessBase"]
[SourceDate "1999.07.10"]

1. d4 Nf6 2. c4 e6 3. Nf3 c5 4. d5 exd5 5. cxd5 d6 6. Nc3 g6 7. Nd2 Bg7 8. e4 O-O 9. Be2 Nbd7 10. O-O Re8 11. Re1 g5 12. a4 h6 13. a5 Ne5 14. Nf1 a6 15. Ng3 b5 16. axb6 Qxb6 17. Qc2 Rb8 18. Nd1 Qb3 19. Qxb3 Rxb3 20. Ne3 Nd3 21. Bxd3 Rxd3 22. f3 Bf8 23. Kf2 Nd7 24. Ng4 Kh7 25. Rh1 Kg6 26. h4 Ne5 27. Nxe5+ Rxe5 28. hxg5 hxg5 29. Ra3 Rxa3 30. bxa3 Re8 31. Rh8 Kg7 32. Bb2+ f6 33. Rh1 Be7 34. Bc3 Kg6 35. Rb1 f5 36. Rb8 fxe4 37. Nxe4 Kf7 38. Rb6 Rd8 39. g4 Rd7 40. Bd2 Bb7 41. Bxg5 Bxd5 42. Bxe7 Kxe7 43. Rxa6 Bxe4 44. fxe4 Ke6 45. Ra8 Rg7 46. Kf3 Ke5 47. Re8+ Kd4 48. Re6 Rd7 49. g5 c4 50. g6 c3 51. g7 c2 52. g8=Q c1=Q 53. Qh8+ Kd3 54. e5 Qf1+ 55. Kg4 Qg2+ 56. Kf5 dxe5 57. Qh4 Rd4 58. Qh5 Qf2+ 59. Kg6 Qg2+ 60. Kh6 Rg4 61. Rd6+ Kc2 62. Qf5+ Kc1 63. Qc8+ Kb2 64. Rb6+ Ka2 65. Qe6+ Ka1 66. Qxe5+ Ka2 67. Qe6+ Ka1 68. Qe1+ 1-0

[Event "inAUTOmarket Open"]
[Site "?"]
[Date "2005.07.17"]
[Round "8"]
[White "Dydyshko Viacheslav"]
[Black "Oleksienko Mikhailo"]
[Result "1/2-1/2"]
[WhiteElo "2551"]
[BlackElo "2487"]
[PlyCount "135"]
[EventDate "2005.??.??"]
[Source "www.chesslib.no"]
[SourceDate "2004.05.04"]

1. d4 Nf6 2. c4 c5 3. d5 e6 4. Nc3 exd5 5. cxd5 d6 6. Nf3 g6 7. Nd2 Bg7 8. e4 O-O 9. Be2 Re8 10. O-O Nbd7 11. a4 Ne5 12. Rb1 g5 13. Qc2 g4 14. b4 cxb4 15. Rxb4 Nfd7 16. Nb3 Qf6 17. Nd4 Nc5 18. Kh1 Bd7 19. Be3 Ng6 20. Bb5 Bxb5 21. Ndxb5 Qh4 22. Ne2 Be5 23. Ng3 Nf4 24. Nf5 Qd8 25. Bxf4 Bxf4 26. g3 Be5 27. Nh6+ Kf8 28. Nxg4 a6 29. Nd4 Bxd4 30. Rxd4 Qg5 31. f3 h5 32. Nf2 Qe3 33. Qd1 b5 34. Re1 Qxf2 35. Rd2 Nxe4 36. fxe4 Qf6 37. Qxh5 bxa4 38. Kg2 Re5 39. Qf3 Qxf3+ 40. Kxf3 f5 41. Rd4 a3 42. Ra1 Rxe4 43. Rxe4 fxe4+ 44. Kxe4 a5 45. Rxa3 a4 46. g4 Kf7 47. h4 Kg6 48. Kd4 Ra5 49. Kc4 Rc5+ 50. Kb4 Rxd5 51. Rxa4 Re5 52. Kc3 Re3+ 53. Kd4 Rh3 54. h5+ Kg5 55. Kd5 Rd3+ 56. Rd4 Re3 57. Kxd6 Re1 58. Kd5 Re8 59. Ra4 Re1 60. Re4 Rf1 61. Ke6 Rf2 62. Ke7 Rf1 63. Ke8 Rf2 64. Kd7 Rf1 65. Ke7 Rf2 66. Rd4 Rf1 67. Ke6 Rf2 68. Ke5 1/2-1/2

[Event "Hastings"]
[Site "Hastings Hastings"]
[Date "1979.??.??"]
[Round "2"]
[White "Georgadze, Tamaz V"]
[Black "Nunn, John D M"]
[Result "1/2-1/2"]
[WhiteElo "2535"]
[BlackElo "2500"]
[PlyCount "32"]
[EventDate "1979.??.??"]
[Source "www.chesslib.no"]
[SourceDate "2004.05.04"]

1. d4 Nf6 2. c4 c5 3. d5 e6 4. Nc3 exd5 5. cxd5 d6 6. Nf3 g6 7. Nd2 Bg7 8. e4 O-O 9. Be2 Re8 10. O-O Nbd7 11. a4 Ne5 12. Re1 a6 13. h3 g5 14. Nf1 h6 15. Ng3 Rb8 16. Ra3 g4 1/2-1/2

[Event "IV It, Santo Antonio POR"]
[Site "?"]
[Date "2001.??.??"]
[Round "3"]
[White "Spraggett, K."]
[Black "Campora, D."]
[Result "1-0"]
[WhiteElo "2525"]
[BlackElo "2500"]
[PlyCount "95"]
[EventDate "2001.??.??"]
[Source "www.chesslib.no"]
[SourceDate "2004.05.04"]

1. d4 Nf6 2. c4 e6 3. Nf3 c5 4. d5 exd5 5. cxd5 d6 6. Nc3 g6 7. Nd2 a6 8. a4 Nbd7 9. e4 Bg7 10. Be2 O-O 11. O-O Re8 12. Qc2 Nh5 13. Bxh5 gxh5 14. Nd1 Ne5 15. Ne3 Ng4 16. Ndc4 Nxe3 17. Bxe3 f5 18. f3 fxe4 19. fxe4 a5 20. Bf4 Ra6 21. Rae1 h4 22. h3 Qe7 23. e5 dxe5 24. Bxe5 Bxe5 25. Rxe5 Qd8 26. Qf2 Rf8 27. Rg5+ Rg6 28. Rxg6+ hxg6 29. Qxc5 Rxf1+ 30. Kxf1 Bf5 31. d6 Qe8 32. Ne5 Qxa4 33. Qd5+ Kh8 34. Kg1 Qf4 35. d7 Qc1+ 36. Kf2 Qxb2+ 37. Kf3 Bxd7 38. Nxd7 a4 39. Qd6 Qg7 40. Qb8+ Qg8 41. Qe5+ Qg7 42. Nf6 Qf7 43. Kg4 a3 44. Kxh4 Kg7 45. Kg5 a2 46. g4 b6 47. h4 Qa7 48. Nd7+ 1-0

[Event "It (Men) Budapest HUN"]
[Site "?"]
[Date "2000.05.31"]
[Round "10"]
[White "Lazarev Vladimir"]
[Black "Varga Zoltan"]
[Result "1/2-1/2"]
[WhiteElo "2493"]
[BlackElo "2525"]
[PlyCount "29"]
[EventDate "2000.??.??"]
[Source "www.chesslib.no"]
[SourceDate "2004.05.04"]

1. d4 Nf6 2. c4 c5 3. d5 e6 4. Nc3 exd5 5. cxd5 d6 6. Nf3 a6 7. a4 g6 8. Nd2 Nbd7 9. e4 Bg7 10. Be2 O-O 11. O-O Re8 12. f4 b6 13. Kh1 Rb8 14. Qc2 Re7 15. Rb1 1/2-1/2

[Event "Ch Bosnia & Herzegovina (team)"]
[Site "Vogosca (Bosnia & Herzegovina"]
[Date "2007.06.02"]
[Round "1"]
[White "Gyimesi Zoltan (HUN)"]
[Black "Ljubicic Filip (CRO)"]
[Result "1-0"]
[WhiteElo "2617"]
[BlackElo "2396"]
[PlyCount "123"]
[EventDate "2007.??.??"]
[Source "www.chesslib.no"]
[SourceDate "2004.05.04"]

1. d4 Nf6 2. c4 e6 3. Nf3 c5 4. d5 exd5 5. cxd5 d6 6. Nc3 g6 7. Nd2 Bg7 8. e4 O-O 9. Be2 Re8 10. O-O Nbd7 11. a4 a6 12. a5 b5 13. axb6 Nxb6 14. Re1 Ra7 15. Bb5 Re5 16. h3 Nh5 17. Nf3 Ree7 18. Bd3 Nf6 19. Bf4 Re8 20. Nb5 Rd7 21. Nxd6 Rxd6 22. Bxd6 Qxd6 23. e5 Qxd5 24. exf6 Rxe1+ 25. Nxe1 Bxf6 26. Bxa6 Qxd1 27. Rxd1 Bxa6 28. Rd6 Bxb2 29. Rxb6 Bc3 30. Rxa6 Bxe1 31. Rc6 Bb4 32. g4 Kf8 33. Rc7 h6 34. Kg2 Kg7 35. Rc6 Kf8 36. Kf3 Ke7 37. Ke4 Be1 38. f4 Bf2 39. f5 gxf5+ 40. Kxf5 Be3 41. Ke4 Kd7 42. Rf6 Ke7 43. Rf5 Bg5 44. Rxc5 Kf6 45. Rc6+ Kg7 46. Ke5 Bh4 47. Ra6 Bg3+ 48. Kd5 Kh7 49. Rf6 Kg7 50. Rf5 Kg6 51. Kc6 Bh4 52. Kd7 Bg5 53. Ke8 f6 54. Ke7 h5 55. Ke6 hxg4 56. hxg4 Bh4 57. Rh5 Bg5 58. Rh8 Kg7 59. Rc8 Bh4 60. Kf5 Bg5 61. Rc7+ Kh6 62. Rf7 1-0

[Event "TCh-AUT 1st Bundesliga 2007-8"]
[Site "Jenbach AUT"]
[Date "2008.01.10"]
[Round "4"]
[White "Maiwald, JU."]
[Black "Nanu, C."]
[Result "1/2-1/2"]
[WhiteElo "2484"]
[BlackElo "2527"]
[PlyCount "151"]
[EventDate "2008.01.10"]
[Source "www.chesslib.no"]
[SourceDate "2004.05.04"]

1. d4 Nf6 2. c4 e6 3. Nf3 c5 4. d5 exd5 5. cxd5 d6 6. Nc3 g6 7. Nd2 Nbd7 8. e4 Bg7 9. Be2 O-O 10. O-O Re8 11. a4 a6 12. Qc2 Qe7 13. Ra3 b6 14. f4 Rb8 15. h3 h6 16. Rb3 c4 17. Rb4 b5 18. axb5 axb5 19. Rxb5 Rxb5 20. Nxb5 Nc5 21. e5 dxe5 22. d6 Qd7 23. Nc7 exf4 24. Nxe8 Qxe8 25. Nxc4 Bf5 26. Qd1 g5 27. Re1 Qb8 28. b4 Ncd7 29. Bb2 Qxb4 30. Qa1 f3 31. gxf3 Nh5 32. Bxg7 Nxg7 33. Qa8+ Kh7 34. Qa5 Qb3 35. Kh2 Be6 36. Ne5 Qb2 37. Nxd7 Bxd7 38. Kh1 Qd4 39. Rd1 Qf4 40. Qd2 Qh4 41. Bf1 Nh5 42. Qe1 Ng3+ 43. Kh2 Nxf1+ 44. Qxf1 Qf4+ 45. Kg2 Qh4 46. Qd3+ Kg8 47. Rh1 Qf4 48. Ra1 Qh4 49. Rh1 Qb4 50. Qd5 Qb2+ 51. Kg3 Be6 52. Qa8+ Kh7 53. Qe4+ Kg8 54. Rb1 Qc3 55. Qa8+ Kh7 56. Qe4+ Kg8 57. Rb8+ Kg7 58. Rb5 Qd2 59. Qe5+ Kg6 60. h4 Qd1 61. hxg5 Qg1+ 62. Kf4 Qh2+ 63. Ke3 Qg1+ 64. Kd2 hxg5 65. Qe4+ Kh6 66. Re5 Qf2+ 67. Kc3 Qa2 68. Kb4 Qb3+ 69. Kc5 Qa3+ 70. Qb4 Qa7+ 71. Qb6 Qa3+ 72. Kc6 Qa8+ 73. Qb7 Qa4+ 74. Qb5 Qa8+ 75. Qb7 Qa4+ 76. Qb5 1/2-1/2

[Event "Seefeld"]
[Site "?"]
[Date "2001.09.18"]
[Round "4"]
[White "Bischoff Klaus"]
[Black "Womacka Mathias"]
[Result "1/2-1/2"]
[WhiteElo "2541"]
[BlackElo "2469"]
[PlyCount "83"]
[EventDate "2001.??.??"]
[Source "www.chesslib.no"]
[SourceDate "2004.05.04"]

1. d4 Nf6 2. c4 e6 3. Nf3 c5 4. d5 exd5 5. cxd5 d6 6. Nc3 g6 7. Nd2 Bg7 8. e4 O-O 9. Be2 Re8 10. O-O Nbd7 11. Re1 h6 12. a4 g5 13. Qc2 Ne5 14. Nf1 Ng6 15. Bd2 Ng4 16. Bxg4 Bxg4 17. Ne3 Bd7 18. Ne2 h5 19. Ng3 h4 20. Ngf5 Be5 21. Bc3 Bxf5 22. Nxf5 Qf6 23. g3 Ne7 24. Bxe5 Qxe5 25. Nh6+ Kg7 26. Ng4 Qd4 27. Rad1 Qb4 28. Qc1 f6 29. gxh4 Ng6 30. hxg5 Rxe4 31. gxf6+ Kf7 32. Nh6+ Kxf6 33. Rxe4 Qxe4 34. f3 Qxa4 35. Ng4+ Kf7 36. b4 Qxb4 37. Qg5 Qf4 38. Nh6+ Kg7 39. Nf5+ Kf7 40. Nh6+ Kg7 41. Nf5+ Kf7 42. Nh6+ 1/2-1/2

[Event "Cappelle op"]
[Site "Cappelle la Grande"]
[Date "1998.??.??"]
[Round "3"]
[White "Timoshenko, Georgy"]
[Black "Galego, Luis"]
[Result "1/2-1/2"]
[WhiteElo "2560"]
[BlackElo "2445"]
[PlyCount "65"]
[EventDate "1998.02.21"]
[Source "ChessBase"]
[SourceDate "1998.04.29"]

1. d4 Nf6 2. c4 e6 3. Nf3 c5 4. d5 exd5 5. cxd5 d6 6. Nc3 g6 7. e4 Bg7 8. Be2 O-O 9. O-O a6 10. a4 Re8 11. Nd2 Nbd7 12. Qc2 h5 13. h3 Qe7 14. Re1 g5 15. Qd1 Ne5 16. Bxh5 g4 17. hxg4 Bxg4 18. Bxg4 Nfxg4 19. Nf3 Nxf3+ 20. Qxf3 Qh4 21. Bf4 Be5 22. Nd1 Nh2 23. Bxh2 Qxh2+ 24. Kf1 b5 25. Ra3 Kf8 26. Qg4 Qf4 27. Qh5 Ke7 28. Rf3 Rh8 29. Qxh8 Rxh8 30. Rxf4 Bxf4 31. axb5 Bd2 32. bxa6 Bxe1 33. Kxe1 1/2-1/2

[Event "Altensteig"]
[Site "?"]
[Date "1987.??.??"]
[Round "?"]
[White "Ftacnik, L."]
[Black "Renet, O."]
[Result "1/2-1/2"]
[WhiteElo "2545"]
[BlackElo "2455"]
[PlyCount "66"]
[EventDate "1987.??.??"]
[Source "ChessBase"]
[SourceDate "1987.07.01"]

1. d4 e6 2. Nf3 Nf6 3. c4 c5 4. d5 exd5 5. cxd5 d6 6. Nc3 g6 7. Nd2 Nbd7 8. e4 Bg7 9. Be2 O-O 10. O-O Re8 11. a4 Ne5 12. Ndb1 h6 13. f4 Ned7 14. Bf3 c4 15. Na3 Nc5 16. e5 dxe5 17. fxe5 Rxe5 18. Nxc4 Re8 19. Be3 b6 20. Bd4 Ba6 21. Nb5 Nce4 22. Bxe4 Rxe4 23. Bxf6 Bxf6 24. Ncd6 Bxb5 25. Rxf6 Be2 26. Qc2 Qxf6 27. Nxe4 Qd4+ 28. Kh1 Bd3 29. Qc6 Bxe4 30. Qxa8+ Kg7 31. Rg1 Qf2 32. Qxa7 Bxg2+ 33. Rxg2 Qf1+ 1/2-1/2

[Event "World Juniors, Zagan POL"]
[Site "?"]
[Date "1997.??.??"]
[Round "?"]
[White "Gyimesi, Z."]
[Black "Zhang, Zhong"]
[Result "1/2-1/2"]
[WhiteElo "2525"]
[BlackElo "2475"]
[PlyCount "46"]
[EventDate "1997.??.??"]
[Source "www.chesslib.no"]
[SourceDate "2004.05.04"]

1. d4 Nf6 2. c4 c5 3. d5 e6 4. Nc3 exd5 5. cxd5 d6 6. Nf3 g6 7. Nd2 Bg7 8. e4 O-O 9. Be2 Re8 10. O-O Nbd7 11. Re1 Ne5 12. h3 g5 13. Nf1 h6 14. Ng3 Ng6 15. Rb1 a6 16. a4 Bd7 17. Bd2 Rc8 18. b4 c4 19. a5 Nf4 20. Bf1 Ng6 21. Be2 Nf4 22. Bf1 Ng6 23. Be2 Nf4 1/2-1/2

[Event "Evora"]
[Site "?"]
[Date "2006.07.24"]
[Round "3"]
[White "Prusikin Michael"]
[Black "Marzolo Cyril"]
[Result "1/2-1/2"]
[WhiteElo "2557"]
[BlackElo "2440"]
[PlyCount "85"]
[EventDate "2006.??.??"]
[Source "www.chesslib.no"]
[SourceDate "2004.05.04"]

1. d4 Nf6 2. c4 e6 3. Nf3 c5 4. d5 exd5 5. cxd5 g6 6. Nc3 d6 7. Nd2 Bg7 8. e4 O-O 9. Be2 Re8 10. O-O b6 11. f3 Nh5 12. f4 Ba6 13. a4 Bxe2 14. Qxe2 f5 15. Qd3 a6 16. Kh1 Qf6 17. Nc4 Nd7 18. Bd2 Rab8 19. exf5 Qd4 20. Rf3 Qxd3 21. Rxd3 Bf8 22. fxg6 hxg6 23. Na3 Nhf6 24. Rg3 Kf7 25. Rf1 Be7 26. f5 Rg8 27. fxg6+ Rxg6 28. Bf4 Rxg3 29. Bxg3 Kg6 30. Nc4 b5 31. axb5 axb5 32. Nxd6 b4 33. Nce4 Nxd5 34. Nc4 Rf8 35. Rxf8 Bxf8 36. Ned6 N5b6 37. Nxb6 Nxb6 38. Kg1 c4 39. Nb5 Bg7 40. Be1 Nd5 41. Nd6 c3 42. bxc3 bxc3 43. Bxc3 1/2-1/2

[Event "Tch (Men) 2005/2006 NED"]
[Site "?"]
[Date "2005.10.15"]
[Round "2"]
[White "Brenninkmeijer Joris"]
[Black "Feygin Michail"]
[Result "1/2-1/2"]
[WhiteElo "2511"]
[BlackElo "2484"]
[PlyCount "108"]
[EventDate "2005.??.??"]
[Source "www.chesslib.no"]
[SourceDate "2004.05.04"]

1. d4 e6 2. c4 Nf6 3. Nf3 c5 4. d5 exd5 5. cxd5 d6 6. Nc3 g6 7. Nd2 Bg7 8. e4 O-O 9. Be2 Re8 10. O-O a6 11. a4 Nbd7 12. Qc2 Ne5 13. Ra3 g5 14. Nd1 Bd7 15. a5 Ng6 16. Ne3 Qe7 17. f3 g4 18. fxg4 Nxe4 19. Ndc4 Bd4 20. Nb6 Rad8 21. Nxd7 Rxd7 22. Bf3 Qe5 23. Kh1 Nh4 24. Bxe4 Qxe4 25. Qxe4 Rxe4 26. g3 Rde7 27. gxh4 Bxe3 28. Bxe3 Rxe3 29. Rxe3 Rxe3 30. Rf6 Rb3 31. Rxd6 Rxb2 32. Rd8+ Kg7 33. Rc8 Rc2 34. d6 Rd2 35. Rxc5 Rxd6 36. Rc7 Rd5 37. Rxb7 Rxa5 38. Kg2 Ra2+ 39. Kg3 Ra3+ 40. Kf4 Ra4+ 41. Kf5 Ra5+ 42. Kf4 Ra4+ 43. Kf5 Ra2 44. Ra7 Rxh2 45. Rxa6 Rxh4 46. g5 Rb4 47. Rc6 Rb5+ 48. Kf4 Rb1 49. Ra6 Rf1+ 50. Ke5 Re1+ 51. Kf5 Re6 52. Ra8 Rb6 53. Rc8 Rb5+ 54. Kg4 Rb6 1/2-1/2

[Event "Budapest Nyar-A"]
[Site "Budapest"]
[Date "1998.??.??"]
[Round "8"]
[White "Gyimesi, Zoltan"]
[Black "Stocek, Jiri"]
[Result "1/2-1/2"]
[WhiteElo "2525"]
[BlackElo "2470"]
[PlyCount "75"]
[EventDate "1998.??.??"]
[Source "www.chesslib.no"]
[SourceDate "2004.05.04"]

1. d4 Nf6 2. c4 c5 3. d5 e6 4. Nc3 exd5 5. cxd5 d6 6. Nf3 g6 7. Nd2 Nbd7 8. e4 Bg7 9. Be2 O-O 10. O-O Re8 11. a4 a6 12. a5 b5 13. axb6 Nxb6 14. Re1 Qc7 15. Qc2 Bd7 16. b3 Ng4 17. h3 c4 18. Nxc4 Nxc4 19. bxc4 Ne5 20. Bb2 Rec8 21. Nd1 Rab8 22. c5 Qxc5 23. Qxc5 Rxc5 24. Rxa6 Bb5 25. Bxb5 Rcxb5 26. Bxe5 Bxe5 27. Ra2 Rb1 28. Rae2 R8b4 29. Rf1 h5 30. g3 Rd4 31. Ree1 Ra4 32. Kg2 Raa1 33. Rh1 Kf8 34. Kf3 Ke7 35. Ref1 Rb4 36. Re1 Rbb1 37. Ref1 Rb4 38. Re1 1/2-1/2

[Event "Titovo Uzice"]
[Site "?"]
[Date "1978.??.??"]
[Round "3"]
[White "Bagirov Vladimir"]
[Black "Rajkovic Dusan"]
[Result "1/2-1/2"]
[WhiteElo "2505"]
[BlackElo "2490"]
[PlyCount "29"]
[EventDate "1978.??.??"]
[Source "www.chesslib.no"]
[SourceDate "2004.05.04"]

1. d4 c5 2. d5 Nf6 3. c4 e6 4. Nc3 d6 5. Nf3 exd5 6. cxd5 g6 7. Nd2 Nbd7 8. e4 Bg7 9. Be2 O-O 10. O-O Re8 11. a4 a6 12. Qc2 Rb8 13. Ra3 Qe7 14. a5 Ne5 15. Nd1 1/2-1/2

[Event "Biel"]
[Site "?"]
[Date "1979.08.04"]
[Round "8"]
[White "Toth Bela"]
[Black "Sahovic Dragutin"]
[Result "1/2-1/2"]
[WhiteElo "2470"]
[BlackElo "2520"]
[PlyCount "63"]
[EventDate "1979.??.??"]
[Source "www.chesslib.no"]
[SourceDate "2004.05.04"]

1. d4 Nf6 2. c4 c5 3. d5 e6 4. Nc3 exd5 5. cxd5 d6 6. Nf3 g6 7. Nd2 Bg7 8. e4 O-O 9. Be2 Re8 10. O-O a6 11. a4 Nbd7 12. Ra3 Rb8 13. Qc2 Nf8 14. a5 N6d7 15. Nc4 Ne5 16. Ne3 g5 17. Nf5 Nfg6 18. Nxg7 Kxg7 19. Re1 Rf8 20. Bd2 f5 21. exf5 Bxf5 22. Qc1 h6 23. Nd1 Qf6 24. Re3 Qf7 25. Bc4 Kh7 26. f3 Rbe8 27. Nf2 Nxc4 28. Qxc4 Rxe3 29. Rxe3 Ne5 30. Qb3 c4 31. Qb6 Qxd5 32. Bc3 1/2-1/2

[Event "Metz op"]
[Site "Metz"]
[Date "1999.04.21"]
[Round "5"]
[White "Lerner, Konstantin Z"]
[Black "Olivier, Jean Christophe"]
[Result "1-0"]
[WhiteElo "2568"]
[BlackElo "2421"]
[PlyCount "111"]
[EventDate "1999.04.??"]
[Source "www.chesslib.no"]
[SourceDate "2004.05.04"]

1. d4 Nf6 2. Nf3 e6 3. c4 c5 4. d5 exd5 5. cxd5 d6 6. Nc3 g6 7. Nd2 Nbd7 8. e4 Bg7 9. Be2 O-O 10. O-O Re8 11. a4 Ne5 12. Qc2 Nh5 13. Bxh5 gxh5 14. Nd1 b6 15. Ne3 Rb8 16. Ra3 a6 17. b3 b5 18. axb5 axb5 19. Bb2 Qf6 20. Kh1 Qf4 21. g3 Qh6 22. f4 Ng4 23. Nxg4 hxg4 24. b4 cxb4 25. Rd3 Bb7 26. f5 Rbc8 27. Qb3 Bxb2 28. Qxb2 Rc3 29. Rxc3 bxc3 30. Qxc3 Rc8 31. Qd3 Qf6 32. Qxb5 Rc2 33. Nc4 h5 34. Ne3 Rb2 35. Qc4 Qe5 36. Kg1 Ba6 37. Qxa6 Qxe4 38. Qc8+ Kh7 39. Qc3 Re2 40. Re1 Ra2 41. Qc4 Ra4 42. Qxe4 Rxe4 43. Kf2 Kg7 44. Ke2 Kf6 45. Kd3 Ra4 46. Nc4 Ra6 47. Re8 Kxf5 48. Rh8 Kg5 49. Rd8 Ra2 50. Nxd6 f5 51. Rf8 Rxh2 52. Nxf5 Rh1 53. d6 Rd1+ 54. Ke4 h4 55. gxh4+ Kg6 56. Nd4 1-0

[Event "Naleczow"]
[Site "Naleczow"]
[Date "1984.??.??"]
[Round "?"]
[White "Schmidt, Wlodzimierz"]
[Black "Gavrikov, Viktor"]
[Result "1/2-1/2"]
[WhiteElo "2480"]
[BlackElo "2505"]
[PlyCount "71"]
[EventDate "1984.07.??"]
[Source "ChessBase"]

1. d4 Nf6 2. c4 e6 3. Nf3 c5 4. d5 exd5 5. cxd5 g6 6. Nc3 d6 7. Nd2 Nbd7 8. e4 Bg7 9. Be2 O-O 10. O-O Re8 11. a4 Ne5 12. Qc2 a6 13. b3 Neg4 14. h3 Nh6 15. f4 Nfg4 16. Nf3 Qa5 17. Bd2 Ne3 18. Bxe3 Qxc3 19. Qxc3 Bxc3 20. Rac1 Bb2 21. Rc2 Rxe4 22. Bxc5 dxc5 23. Rxb2 Nf5 24. Rc1 Rxf4 25. Rxc5 Nd6 26. Nd2 Bf5 27. Nc4 Rd8 28. Nxd6 Rxd6 29. Rc4 g5 30. Rxf4 gxf4 31. Bf3 Kg7 32. a5 Kf6 33. b4 Ke5 34. Re2+ Kf6 35. Rb2 Ke5 36. Re2+ 1/2-1/2